CATÁLOGO PÚBLICO DE LA BIBLIOTECA OSCAR VARSAVSKY

La tasa de tobin. (Registro nro. 19249)

Detalles MARC
000 -CABECERA
campo de control de longitud fija 00483nam a22001817a 4500
003 - IDENTIFICADOR DEL NÚMERO DE CONTROL
campo de control OSt
005 - FECHA Y HORA DE LA ÚLTIMA TRANSACCIÓN
campo de control 20260415093430.0
008 - DATOS DE LONGITUD FIJA--INFORMACIÓN GENERAL
campo de control de longitud fija 260415b |||||||| |||| 00| 0 eng d
020 ## - NÚMERO INTERNACIONAL ESTÁNDAR DEL LIBRO
Número Internacional Estándar del Libro 980-6659-08-2
040 ## - FUENTE DE LA CATALOGACIÓN
Centro catalogador/agencia de origen Fevp
Lengua de catalogación Español
Centro/agencia transcriptor Fevp
082 ## - NÚMERO DE LA CLASIFICACIÓN DECIMAL DEWEY
Número de clasificación 336.2 J59
100 ## - ENTRADA PRINCIPAL--NOMBRE DE PERSONA
Nombre de persona Jetin, Bruno
245 ## - MENCIÓN DE TÍTULO
Título La tasa de tobin.
Resto del título Un arma para detener la expoliación financiera
250 ## - MENCIÓN DE EDICIÓN
Mención de edición Question
260 ## - PUBLICACIÓN, DISTRIBUCIÓN, ETC.
Lugar de publicación, distribución, etc. Caracas
Fecha de publicación, distribución, etc. 2005
300 ## - DESCRIPCIÓN FÍSICA
Extensión 188p.
Otras características físicas tapa blanda
Dimensiones 21x13cm.
942 ## - ELEMENTOS DE PUNTO DE ACCESO ADICIONAL (KOHA)
Fuente del sistema de clasificación o colocación Dewey Decimal Classification
Tipo de ítem Koha Libro
Existencias
Estado de retiro Estado de pérdida Fuente del sistema de clasificación o colocación Estado dañado No para préstamo Localización permanente Ubicación/localización actual Fecha de adquisición Enumeración/cronología de publicación seriada Total de préstamos Signatura topográfica completa Fecha visto por última vez Precio válido a partir de Tipo de ítem Koha
    Dewey Decimal Classification     Oscar Varsavsky Oscar Varsavsky 15.04.2026 2005   336.2 J59 15.04.2026 15.04.2026 Libro